[Event "Chess Olympiad (Women)"]
[Site "Khanty-Mansiysk RUS"]
[Date "2010.09.25"]
[EventDate "2010.09.21"]
[Round "5"]
[Result "0-1"]
[White "Tatjana Lematschko"]
[Black "Kubra Ozturk"]
[WhiteElo "2194"]
[BlackElo "2235"]
[PlyCount "122"]

1. d4 d5 2. Nf3 Nf6 3. e3 c5 4. dxc5 e6 5. a3 a5 6. c4 Bxc5
7. Nc3 O-O 8. b3 Qe7 9. Qc2 Nc6 10. Bb2 d4 11. exd4 Nxd4
12. Nxd4 Bxd4 13. Bd3 e5 14. Ne4 Bxb2 15. Qxb2 Nh5 16. g3 f5
17. Nc3 e4 18. Be2 Nf6 19. O-O-O Qc5 20. Rhf1 Be6 21. Na4 Qc7
22. Kb1 Rad8 23. Rxd8 Rxd8 24. Rd1 Rxd1+ 25. Bxd1 Qd6 26. Kc1
f4 27. gxf4 Qxf4+ 28. Qd2 Qxh2 29. Nc5 Qe5 30. Qxa5 b6
31. Qxb6 Qa1+ 32. Kc2 Bf5 33. Kd2 Qd4+ 34. Ke1 Qc3+ 35. Kf1
Bh3+ 36. Kg1 Qe5 37. Qd8+ Kf7 38. Nxe4 Nxe4 39. Qd5+ Qxd5
40. cxd5 Ke7 41. b4 Nc3 42. Bc2 h6 43. a4 Nxd5 44. b5 Bd7
45. Kg2 Kd6 46. Kf3 Kc5 47. Ke4 Nf6+ 48. Kf3 g5 49. Kg2 h5
50. Bd1 h4 51. Bf3 Nd5 52. Kh2 Nf4 53. Be4 Kb6 54. Bf3 Be6
55. Bd1 Bd5 56. Bc2 Bf3 57. Bb3 g4 58. Bc2 Ne2 59. Bd3 g3+
60. fxg3 hxg3+ 61. Kh3 g2 0-1

[Event "Chess Olympiad (Women)"]
[Site "Khanty-Mansiysk RUS"]
[Date "2010.09.27"]
[EventDate "2010.09.21"]
[Round "6"]
[Result "0-1"]
[White "Kubra Ozturk"]
[Black "Turkan Mamedjarova"]
[WhiteElo "2235"]
[BlackElo "2301"]
[PlyCount "96"]

1. d4 d5 2. c4 e6 3. Nc3 c6 4. e3 f5 5. Nf3 Nf6 6. Be2 Bd6
7. O-O Nbd7 8. b3 O-O 9. Qc2 Ne4 10. Bb2 Qf6 11. Rfd1 Qh6
12. a4 Ng5 13. g3 Nh3+ 14. Kg2 Nf6 15. Bc1 Ne4 16. Rf1 g5
17. Ba3 g4 18. Nh4 Bxa3 19. Rxa3 Nxc3 20. Qxc3 Ng5 21. f3 Bd7
22. Raa1 gxf3+ 23. Nxf3 Qh3+ 24. Kg1 Ne4 25. Qe1 Kh8 26. Ne5
Rg8 27. Rf3 Be8 28. Bf1 Qh6 29. Ra2 Rg7 30. Rf4 Bh5 31. Be2
Rag8 32. Bxh5 Qxh5 33. Rg2 Ng5 34. Kh1 Ne4 35. Kg1 dxc4
36. bxc4 c5 37. dxc5 Rd8 38. Rf1 Nxc5 39. a5 Ne4 40. Qa1 h6
41. Nf3 Kh7 42. Qe5 Rd6 43. Nd4 Qg6 44. Rb1 Rgd7 45. h3 Ng5
46. Kh1 f4 47. Rgb2 fxe3 48. Rxb7 Rxd4 0-1

[Event "Chess Olympiad (Women)"]
[Site "Khanty-Mansiysk RUS"]
[Date "2010.09.28"]
[EventDate "2010.09.21"]
[Round "7"]
[Result "0-1"]
[White "Biljana N Dekic"]
[Black "Kubra Ozturk"]
[WhiteElo "2104"]
[BlackElo "2235"]
[PlyCount "74"]

1. e4 e5 2. Nf3 Nc6 3. Bb5 a6 4. Ba4 Nf6 5. d3 b5 6. Bb3 Bb7
7. O-O Be7 8. c3 O-O 9. Re1 d6 10. Nbd2 h6 11. Nf1 Re8 12. Ng3
Bf8 13. h3 Na5 14. Bc2 c5 15. Qe2 Nc6 16. Nf5 d5 17. g4 c4
18. dxc4 dxe4 19. Nd2 g6 20. Ne3 Nd4 21. Qd1 Ne6 22. Ndf1 Ng5
23. Kg2 Nf3 24. Re2 bxc4 25. Nd2 h5 26. Ndxc4 hxg4 27. hxg4
Qc7 28. b3 Bc5 29. Kg3 Kg7 30. Re1 Rad8 31. Qe2 Nxe1 32. Qxe1
Rh8 33. b4 Ba7 34. Na5 Ba8 35. Nf1 Nxg4 36. Be3 Nxe3 37. Nxe3
Qe7 0-1

[Event "Chess Olympiad (Women)"]
[Site "Khanty-Mansiysk RUS"]
[Date "2010.09.30"]
[EventDate "2010.09.21"]
[Round "9"]
[Result "0-1"]
[White "Elizabeth Paola Moreno Garcia"]
[Black "Kubra Ozturk"]
[WhiteElo "2024"]
[BlackElo "2235"]
[PlyCount "74"]

1. e4 e5 2. Nf3 Nc6 3. d4 exd4 4. Nxd4 Bc5 5. Be3 Qf6 6. c3
Qg6 7. Nd2 Nge7 8. f3 Bxd4 9. cxd4 d5 10. Bd3 f5 11. O-O O-O
12. e5 Nd8 13. f4 Ne6 14. Rf3 a5 15. a4 b6 16. Rg3 Qe8 17. Nf3
Ng6 18. Qc1 Ba6 19. Bxa6 Rxa6 20. Ng5 Nxg5 21. Rxg5 Rf7
22. Qc2 Qd7 23. Re1 Ra8 24. g4 Raf8 25. Bd2 Qe6 26. Rf1 fxg4
27. f5 Nh4 28. f6 Nf3+ 29. Rxf3 gxf3 30. Kf2 Rxf6 31. Rxg7+
Kxg7 32. exf6+ Qxf6 33. Qxc7+ Kh8 34. Qe5 Qxe5 35. dxe5 d4
36. Bg5 Rf5 37. Bd8 d3 0-1

[Event "Chess Olympiad (Women)"]
[Site "Khanty-Mansiysk RUS"]
[Date "2010.10.01"]
[EventDate "2010.09.21"]
[Round "10"]
[Result "1/2-1/2"]
[White "Kubra Ozturk"]
[Black "Olga Zimina"]
[WhiteElo "2235"]
[BlackElo "2334"]
[PlyCount "24"]

1. d4 d5 2. c4 e6 3. Nf3 c6 4. Nbd2 Nf6 5. Qc2 Nbd7 6. a3 Be7
7. e4 dxe4 8. Nxe4 c5 9. Nxc5 Nxc5 10. dxc5 Bxc5 11. b4 Be7
12. Bb2 a5 1/2-1/2

[Event "Chess Olympiad (Women)"]
[Site "Khanty-Mansiysk RUS"]
[Date "2010.10.03"]
[EventDate "2010.09.21"]
[Round "11"]
[Result "1-0"]
[White "Kubra Ozturk"]
[Black "Tatyana Fomina"]
[WhiteElo "2235"]
[BlackElo "2256"]
[PlyCount "99"]

1. d4 d5 2. Nf3 Nc6 3. c4 Bg4 4. Nc3 e6 5. Bf4 Bxf3 6. gxf3
Bb4 7. e3 Nge7 8. Rc1 O-O 9. Bg3 Nf5 10. cxd5 exd5 11. Bd3
Nce7 12. Qb3 a5 13. a3 Bd6 14. Bxf5 Nxf5 15. Qxd5 Qd7 16. O-O
Rfe8 17. e4 Ne7 18. Qc4 c6 19. Rfd1 Ng6 20. e5 Be7 21. d5 Qf5
22. Qe4 Qxe4 23. Nxe4 cxd5 24. Rxd5 Ra6 25. Nd6 Rd8 26. Rcd1
h5 27. h3 h4 28. Bh2 f6 29. exf6 Bxf6 30. b4 axb4 31. axb4 Rb6
32. b5 Kf8 33. Nc4 Rxd5 34. Rxd5 Re6 35. Bd6+ Ke8 36. Kf1 Bd8
37. Bh2 Be7 38. Rd3 Rf6 39. Re3 Nf4 40. Bxf4 Rxf4 41. Ne5 Rf6
42. Ke2 Kd8 43. Nc4 Rf5 44. Re5 Rf7 45. Rd5+ Kc7 46. Ne5 Rf5
47. Rd7+ Kb6 48. Rxe7 Kxb5 49. Rxb7+ Ka6 50. Re7 1-0

[Event "Women's World Chess Championship"]
[Site "Antakya TUR"]
[Date "2010.12.04"]
[EventDate "2010.12.04"]
[Round "1"]
[Result "1-0"]
[White "Kateryna Lahno"]
[Black "Kubra Ozturk"]
[WhiteElo "2522"]
[BlackElo "2264"]
[PlyCount "69"]

1. d4 d5 2. c4 dxc4 3. e3 e5 4. Bxc4 exd4 5. exd4 Nf6 6. Nf3
Bd6 7. O-O O-O 8. Nc3 Nc6 9. h3 h6 10. Qc2 Na5 11. Bd3 Be6
12. Re1 Nc6 13. a3 a5 14. Bd2 Re8 15. Re2 Bf8 16. Nb5 Bd5
17. Ne5 a4 18. Qc3 Bd6 19. Rae1 Ne7 20. Nc4 Bc6 21. Nbxd6 cxd6
22. Qb4 Nc8 23. Rxe8+ Nxe8 24. Na5 Ne7 25. Nxb7 Qd7 26. Na5
Nf6 27. Rxe7 Qxe7 28. Nxc6 Qc7 29. Bb5 d5 30. Qe7 Qb6 31. Qc5
Qb7 32. Ne7+ Kh7 33. Bc6 Qxb2 34. Bxa8 Qxd2 35. Bxd5 1-0

[Event "Women's World Chess Championship"]
[Site "Antakya TUR"]
[Date "2010.12.04"]
[EventDate "2010.12.04"]
[Round "1"]
[Result "1/2-1/2"]
[White "Kubra Ozturk"]
[Black "Kateryna Lahno"]
[WhiteElo "2264"]
[BlackElo "2522"]
[PlyCount "72"]

1. d4 d6 2. Nf3 g6 3. c4 Bg7 4. Nc3 Nd7 5. g3 e5 6. Bg2 Ne7
7. O-O O-O 8. e4 exd4 9. Nxd4 Nc6 10. Nde2 a5 11. Rb1 Nc5
12. b3 f5 13. Be3 Nxe4 14. Nxe4 fxe4 15. Bxe4 Qe7 16. Bd5+ Kh8
17. Qd2 Bf5 18. Rbd1 Bg4 19. f3 Rae8 20. fxg4 Qxe3+ 21. Qxe3
Rxe3 22. Rxf8+ Bxf8 23. Rf1 Bg7 24. Nf4 Nd8 25. Rd1 Re8
26. Bf3 Be5 27. Nd3 Bd4+ 28. Kg2 Kg7 29. h4 h6 30. Nf4 Be5
31. Nd5 Ne6 32. h5 c6 33. Ne3 Ng5 34. hxg6 Nxf3 35. Kxf3 Kxg6
36. Nf5 Re6 1/2-1/2

[Event "Turkish Team Championship"]
[Site "Konya TUR"]
[Date "2011.06.28"]
[EventDate "2011.06.28"]
[Round "1"]
[Result "0-1"]
[White "Kubra Ozturk"]
[Black "Ekaterina Polovnikova-Atalik"]
[WhiteElo "2262"]
[BlackElo "2436"]
[PlyCount "84"]

1. d4 Nf6 2. c4 g6 3. Nf3 Bg7 4. g3 d5 5. cxd5 Nxd5 6. Bg2 Nb6
7. Nc3 Nc6 8. e3 O-O 9. O-O Re8 10. d5 Na5 11. Nd4 Bd7 12. Nb3
Nxb3 13. Qxb3 c6 14. e4 cxd5 15. exd5 Rc8 16. Bf4 Bf5 17. Rfd1
Nc4 18. Rac1 Qb6 19. Qxb6 axb6 20. Na4 Nxb2 21. Nxb6 Nxd1
22. Nxc8 Nc3 23. Nb6 Ne2+ 24. Kf1 Nxc1 25. Bxc1 Bd4 26. Be3
Bxe3 27. fxe3 Bd3+ 28. Ke1 Rd8 29. Kd2 Ba6 30. a4 e6 31. e4
Kf8 32. Kc3 exd5 33. exd5 Ke7 34. Kd4 Kd6 35. Bf3 Re8 36. g4
Re1 37. g5 Rf1 38. Ke3 Rb1 39. Nc8+ Kc7 40. Bg4 Rb4 41. d6+
Kd8 42. h3 Rxg4 0-1

[Event "Turkish Team Championship"]
[Site "Konya TUR"]
[Date "2011.06.29"]
[EventDate "2011.06.28"]
[Round "2"]
[Result "1/2-1/2"]
[White "Narmin Kazimova"]
[Black "Kubra Ozturk"]
[WhiteElo "2262"]
[BlackElo "2262"]
[PlyCount "32"]

1. d4 d5 2. c4 dxc4 3. Nf3 a6 4. e3 b5 5. a4 Bb7 6. b3 e6
7. bxc4 bxc4 8. Bxc4 Nf6 9. O-O Be7 10. Bb2 O-O 11. Nbd2 c5
12. Qe2 Nbd7 13. Rfd1 Qc7 14. Rac1 Bc6 15. Bb3 Qb7 16. Ba1
Rac8 1/2-1/2

[Event "Turkish Team Championship"]
[Site "Konya TUR"]
[Date "2011.06.30"]
[EventDate "2011.06.28"]
[Round "3"]
[Result "0-1"]
[White "Kubra Ozturk"]
[Black "Bela Khotenashvili"]
[WhiteElo "2262"]
[BlackElo "2470"]
[PlyCount "124"]

1. d4 Nf6 2. c4 g6 3. Nf3 Bg7 4. g3 c5 5. Bg2 Qa5+ 6. Nc3 Ne4
7. Bd2 Nxd2 8. Qxd2 cxd4 9. Nxd4 Nc6 10. Nb3 Qb4 11. Nd5 Qxd2+
12. Kxd2 O-O 13. Rab1 d6 14. Nc1 Bf5 15. Nd3 Rfc8 16. b4 Kf8
17. Rhc1 g5 18. h3 h5 19. Ne3 Bg6 20. b5 Na5 21. Rb4 Rab8
22. f4 gxf4 23. Nxf4 e6 24. Nxg6+ fxg6 25. Be4 g5 26. Kd3 b6
27. Bg6 Ke7 28. Bxh5 Rh8 29. Bg4 Be5 30. Nc2 Nb7 31. Nd4 Nc5+
32. Ke3 Bxd4+ 33. Kxd4 Rbc8 34. Rbb1 Nd7 35. Rc3 Ne5 36. Rbc1
Rc7 37. Ke3 Rc5 38. Kd4 a5 39. a4 Rh7 40. R3c2 Nd7 41. Kc3 Re5
42. Kb2 Nc5 43. Ka3 Ne4 44. Rg1 Nf6 45. Rg2 Re3+ 46. Kb2 Ne4
47. Bf3 Nc5 48. Rh2 Nxa4+ 49. Kc1 g4 50. Bxg4 Rxg3 51. Rf2 Nc5
52. Rf4 Rf7 53. Rf3 Rg1+ 54. Kd2 Ne4+ 55. Ke3 Nf6 56. Kf2 Rb1
57. Kg2 Rb4 58. Rg3 Ne4 59. Rf3 a4 60. Rc1 Rxf3 61. exf3 Rb2+
62. Kg1 a3 0-1

[Event "Turkish Team Championship"]
[Site "Konya TUR"]
[Date "2011.07.02"]
[EventDate "2011.06.28"]
[Round "5"]
[Result "1/2-1/2"]
[White "Kubra Ozturk"]
[Black "Olga Zimina"]
[WhiteElo "2262"]
[BlackElo "2346"]
[PlyCount "59"]

1. d4 d5 2. c4 c6 3. e3 Nf6 4. Nf3 e6 5. Nbd2 c5 6. cxd5 exd5
7. b3 cxd4 8. Nxd4 Bb4 9. Bb5+ Bd7 10. Bxd7+ Nbxd7 11. O-O Bc3
12. Rb1 Bxd4 13. exd4 O-O 14. Nf3 Ne4 15. Bd2 Qb6 16. Rc1 Rfc8
17. Qe2 Nf8 18. Qd3 Ne6 19. g3 a6 20. Rxc8+ Rxc8 21. Rc1 Rxc1+
22. Bxc1 Qc7 23. Be3 f6 24. Kg2 Kf7 25. Ne1 Qa5 26. Qe2 g6
27. Nd3 Qc3 28. f3 Nd6 29. Qd2 Nb5 30. Nb4 1/2-1/2

[Event "Turkish Team Championship"]
[Site "Konya TUR"]
[Date "2011.07.02"]
[EventDate "2011.06.28"]
[Round "6"]
[Result "1/2-1/2"]
[White "Salome Melia"]
[Black "Kubra Ozturk"]
[WhiteElo "2444"]
[BlackElo "2262"]
[PlyCount "52"]

1. e4 e5 2. Nf3 Nc6 3. Bb5 a6 4. Ba4 Nf6 5. O-O b5 6. Bb3 Bb7
7. d3 Be7 8. Re1 O-O 9. Nbd2 d6 10. a4 Na5 11. Ba2 c5 12. c3
h6 13. Nf1 c4 14. Ng3 Re8 15. Nf5 Bf8 16. N3h4 Kh7 17. Re3 g6
18. Nxh6 Bxh6 19. Rh3 Ng8 20. Bxh6 Nxh6 21. Qd2 Qf6 22. Qxh6+
Kxh6 23. Nf5+ Kg5 24. Rg3+ Kh5 25. Rh3+ Kg5 26. Rg3+ Kh5
1/2-1/2

[Event "Turkish Team Championship"]
[Site "Konya TUR"]
[Date "2011.07.04"]
[EventDate "2011.06.28"]
[Round "8"]
[Result "1/2-1/2"]
[White "Kubra Ozturk"]
[Black "Sopio Gvetadze"]
[WhiteElo "2262"]
[BlackElo "2330"]
[PlyCount "84"]

1. d4 d5 2. c4 c6 3. e3 Nf6 4. Nf3 a6 5. Qc2 g6 6. Bd3 Bg7
7. O-O O-O 8. Nbd2 Nbd7 9. b3 c5 10. Bb2 b6 11. e4 dxe4
12. Nxe4 cxd4 13. Bxd4 Bb7 14. Rad1 Qc7 15. Rfe1 Rad8 16. Qb2
Rfe8 17. Bb1 Bxe4 18. Bxe4 e5 19. Bc3 Nxe4 20. Rxe4 Nc5
21. Rxd8 Rxd8 22. Re3 Rd1+ 23. Re1 Qd6 24. Qe2 Rxe1+ 25. Qxe1
e4 26. Bxg7 Kxg7 27. Qc3+ Qf6 28. Nd4 Nd3 29. Ne2 g5 30. Kf1
Kg6 31. Qd4 Qxd4 32. Nxd4 Kf6 33. Ke2 Ke5 34. Ke3 f5 35. Nc6+
Kd6 36. Nd4 Ke5 37. Nc6+ Ke6 38. Nd4+ Ke5 39. Nc6+ Kd6 40. Nd4
Ke5 41. Nc6+ Kd6 42. Nd4 Ke5 1/2-1/2

[Event "Turkish Team Championship"]
[Site "Konya TUR"]
[Date "2011.07.06"]
[EventDate "2011.06.28"]
[Round "10"]
[Result "0-1"]
[White "Kubra Ozturk"]
[Black "Nana Dzagnidze"]
[WhiteElo "2262"]
[BlackElo "2557"]
[PlyCount "92"]

1. d4 Nf6 2. c4 e6 3. Nf3 c5 4. g3 cxd4 5. Nxd4 Bb4+ 6. Nd2
Qb6 7. e3 Nc6 8. Nf3 d5 9. Bg2 O-O 10. O-O Rd8 11. cxd5 exd5
12. Nb3 Bg4 13. Bd2 Be7 14. h3 Bh5 15. g4 Bg6 16. Nfd4 a5
17. Bc3 a4 18. Nd2 h5 19. f4 hxg4 20. hxg4 Bd3 21. Re1 Bc5
22. N2f3 Be4 23. Ng5 a3 24. b3 Rac8 25. Rc1 Nxd4 26. Bxd4 Bxd4
27. Qxd4 Qxd4 28. exd4 Bxg2 29. Kxg2 Nxg4 30. Kf3 Nh6 31. Rxc8
Rxc8 32. Re7 f6 33. Ne6 Nf5 34. Rxb7 Rc3+ 35. Kg2 Rc8 36. Kf3
Rc3+ 37. Kg2 Rc2+ 38. Kh3 Rxa2 39. Ra7 Re2 40. Ra8+ Kf7
41. Nd8+ Kg6 42. Rxa3 Kh5 43. Ra7 Re3+ 44. Kh2 Kg4 45. b4 Re2+
46. Kg1 Kh3 0-1

[Event "Turkish Team Championship"]
[Site "Konya TUR"]
[Date "2011.07.07"]
[EventDate "2011.06.28"]
[Round "11"]
[Result "1/2-1/2"]
[White "Masha Klinova"]
[Black "Kubra Ozturk"]
[WhiteElo "2315"]
[BlackElo "2262"]
[PlyCount "107"]

1. e4 e5 2. Nf3 Nc6 3. Bc4 Nf6 4. d3 Be7 5. Nbd2 O-O 6. Bb3 d5
7. O-O Bg4 8. h3 Bxf3 9. Qxf3 Nd4 10. Qd1 Nxb3 11. axb3 dxe4
12. dxe4 Bc5 13. Qf3 Re8 14. Nc4 Re6 15. c3 b5 16. Na5 Bb6
17. b4 Ne8 18. Be3 Nd6 19. Rfd1 Qh4 20. Re1 h5 21. Bc5 Rae8
22. Rad1 Rg6 23. Rd3 Ree6 24. Qe2 Kh7 25. Rf3 Ref6 26. Rxf6
Rxf6 27. Nc6 Qg5 28. Nxa7 Rf4 29. Bxb6 cxb6 30. f3 Qg3 31. Qf2
Rxf3 32. Qxg3 Rxg3 33. Nc6 f6 34. Kf2 Rd3 35. Ke2 Rg3 36. Kf2
Rd3 37. Ke2 Rg3 38. Kf2 h4 39. Re3 Kh6 40. b3 Kg5 41. Ne7 g6
42. Nd5 f5 43. exf5 Rxe3 44. Kxe3 gxf5 45. Nxb6 f4+ 46. Ke2
Kf5 47. c4 Ke6 48. Kd3 e4+ 49. Kd4 e3 50. Kd3 Nf5 51. Nd5 Ke5
52. Nc3 Nd4 53. cxb5 Nxb3 54. Ne2 1/2-1/2

[Event "Turkish Team Championship"]
[Site "Konya TUR"]
[Date "2011.07.08"]
[EventDate "2011.06.28"]
[Round "12"]
[Result "0-1"]
[White "Kubra Ozturk"]
[Black "Sopiko Guramishvili"]
[WhiteElo "2262"]
[BlackElo "2299"]
[PlyCount "94"]

1. d4 Nf6 2. c4 e6 3. Nf3 d5 4. e3 Bb4+ 5. Nbd2 O-O 6. a3 Be7
7. Bd3 b6 8. O-O Bb7 9. b4 Nbd7 10. Rb1 Ne4 11. Qc2 f5 12. Ne5
Nxe5 13. dxe5 c5 14. f3 Nxd2 15. Bxd2 Rc8 16. Rbd1 cxb4
17. Bxb4 Bxb4 18. axb4 Qc7 19. c5 Qxe5 20. Rfe1 Qc7 21. Rf1
Qe5 22. Rfe1 Rf7 23. Rc1 Rfc7 24. Qa4 bxc5 25. bxc5 Bc6
26. Qd4 Qf6 27. Ba6 e5 28. Qb4 Rd8 29. f4 Re7 30. fxe5 Rxe5
31. Re2 Rde8 32. Rce1 Re4 33. Qb3 f4 34. Qd3 Qe7 35. Qc3 fxe3
36. Bd3 Re5 37. Qc2 Qh4 38. Rf1 Rh5 39. g3 Qe7 40. Rf4 Qe5
41. Rf5 Rxf5 42. Bxf5 Qa1+ 43. Kg2 g6 44. Bd3 d4+ 45. Kh3 Qf1+
46. Kh4 Qf3 47. g4 Re5 0-1

[Event "World Junior Championships (Girls)"]
[Site "Chennai IND"]
[Date "2011.08.02"]
[EventDate "2011.08.02"]
[Round "1.12"]
[Result "0-1"]
[White "A Sithalatchumi"]
[Black "Kubra Ozturk"]
[WhiteElo "1939"]
[BlackElo "2258"]
[PlyCount "65"]

1. d4 d5 2. Nf3 Nf6 3. c4 dxc4 4. e3 e6 5. Bxc4 a6 6. O-O b5
7. Be2 Bb7 8. a3 Be7 9. Nbd2 Nbd7 10. b3 O-O 11. Bb2 c5 12. a4
Qb6 13. Bd3 Rfd8 14. Qe2 Bc6 15. axb5 axb5 16. dxc5 Nxc5
17. Rxa8 Rxa8 18. Ne5 Nxd3 19. Qxd3 Bb7 20. Bd4 Qd8 21. Ndf3
Qd5 22. Rd1 Ra3 23. Qc2 Qxb3 24. Qxb3 Rxb3 25. Ng5 h6
26. Ngxf7 b4 27. h4 Be4 28. f3 Rb1 29. Rxb1 Bxb1 30. g4 Nd5
31. Kf2 b3 32. Ke2 Bc5 33. Bb2 0-1

[Event "World Junior Championships (Girls)"]
[Site "Chennai IND"]
[Date "2011.08.03"]
[EventDate "2011.08.01"]
[Round "2"]
[Result "1-0"]
[White "Kubra Ozturk"]
[Black "Priya N Hema"]
[WhiteElo "2258"]
[BlackElo "1885"]
[PlyCount "48"]

1. d4 Nf6 2. c4 g6 3. Nf3 Bg7 4. g3 d5 5. cxd5 Nxd5 6. Bg2 Nb6
7. O-O Nc6 8. e3 e5 9. dxe5 Qxd1 10. Rxd1 Nxe5 11. Nd4 c6
12. Nc3 O-O 13. h3 Rd8 14. Rb1 c5 15. Nb3 Nd3 16. Na5 Rb8
17. e4 Be6 18. Nd5 h5 19. Bg5 Bd4 20. Be3 Bxe3 21. fxe3 Nb4
22. Nf6+ Kg7 23. e5 Nxa2 24. Nxb7 Nb4 1-0

[Event "World Junior Championships (Girls)"]
[Site "Chennai IND"]
[Date "2011.08.04"]
[EventDate "2011.08.01"]
[Round "3"]
[Result "1-0"]
[White "Nazi Paikidze"]
[Black "Kubra Ozturk"]
[WhiteElo "2416"]
[BlackElo "2258"]
[PlyCount "83"]

1. d4 d5 2. c4 dxc4 3. Nf3 Nf6 4. e3 e6 5. Bxc4 c5 6. Qe2 a6
7. dxc5 Bxc5 8. O-O Qc7 9. Nbd2 b5 10. Bd3 Nbd7 11. e4 Bb7
12. Nb3 O-O 13. Bd2 Bb6 14. Rac1 Qd8 15. Bg5 Qb8 16. h3 h6
17. Be3 Bc7 18. Rfd1 Rd8 19. Qc2 Ne5 20. Nxe5 Bxe5 21. Nc5 Bc8
22. Be2 Bd7 23. Nxd7 Rxd7 24. Rxd7 Nxd7 25. Qc6 Qe8 26. b3 Nf6
27. Qc5 Qb8 28. Qc6 g5 29. a4 bxa4 30. bxa4 a5 31. Bb5 Qf8
32. g3 Kh7 33. Bc5 Qd8 34. Bb6 Qf8 35. Kg2 Kg7 36. Be3 Kh7
37. Qc2 Kh8 38. Qc6 Kh7 39. Rc4 Rd8 40. Bc5 Qg8 41. Bb6 Rd6
42. Qc5 1-0

[Event "World Junior Championships (Girls)"]
[Site "Chennai IND"]
[Date "2011.08.06"]
[EventDate "2011.08.01"]
[Round "5"]
[Result "0-1"]
[White "Carole Forestier"]
[Black "Kubra Ozturk"]
[WhiteElo "2101"]
[BlackElo "2258"]
[PlyCount "108"]

1. d4 d5 2. Nf3 Nf6 3. c4 dxc4 4. e3 e6 5. Bxc4 a6 6. O-O c5
7. dxc5 Bxc5 8. Qxd8+ Kxd8 9. Nbd2 Nc6 10. Be2 Ke7 11. Nc4 b5
12. Nce5 Bb7 13. a4 b4 14. Nxc6+ Bxc6 15. Nd2 Bd5 16. f3 a5
17. Kh1 Bb7 18. e4 Bd4 19. Nc4 Ba6 20. Rb1 Rhc8 21. b3 Nd7
22. Bb2 Bxb2 23. Rxb2 Ra7 24. Rd1 Bxc4 25. Bxc4 Ne5 26. Bb5 g5
27. Kg1 Rac7 28. Kf2 Rc2+ 29. Rd2 Rxd2+ 30. Rxd2 Rc3 31. Rb2
h5 32. Ke2 h4 33. h3 f5 34. exf5 exf5 35. Kd1 Kf6 36. Rd2 Rxb3
37. Rd6+ Ke7 38. Ra6 Rb1+ 39. Ke2 Rg1 40. Kf2 Ra1 41. Rxa5 b3
42. Be2 b2 43. Rxe5+ Kf6 44. Rb5 b1=Q 45. Rxb1 Rxb1 46. f4
gxf4 47. Bb5 Ke5 48. Kf3 Rb3+ 49. Kf2 f3 50. gxf3 Kf4 51. Bc6
Rb2+ 52. Kg1 Kg3 53. Kf1 Kxh3 54. Bd7 Kg3 0-1

[Event "World Junior Championships (Girls)"]
[Site "Chennai IND"]
[Date "2011.08.07"]
[EventDate "2011.08.01"]
[Round "6"]
[Result "1/2-1/2"]
[White "Kubra Ozturk"]
[Black "Julia Dogodkina"]
[WhiteElo "2258"]
[BlackElo "2193"]
[PlyCount "76"]

1. d4 g6 2. c4 Bg7 3. e4 Nc6 4. Nf3 e5 5. Bg5 Nge7 6. Nc3 exd4
7. Nd5 h6 8. Bf6 O-O 9. Nxd4 Bxf6 10. Nxf6+ Kg7 11. Nd5 Nxd5
12. cxd5 Nxd4 13. Qxd4+ Qf6 14. Qxf6+ Kxf6 15. f4 Ke7 16. Bc4
b5 17. Be2 c5 18. d6+ Kxd6 19. Bxb5 Rb8 20. O-O-O+ Kc7 21. Bc4
Rb4 22. b3 d6 23. Rhe1 Be6 24. Bd5 Rd8 25. g3 a5 26. a3 Rb6
27. Kc2 Rdb8 28. e5 Bxd5 29. Rxd5 Rxb3 30. exd6+ Kc6 31. Ree5
Rb2+ 32. Kc1 Rb1+ 33. Kc2 R8b2+ 34. Kc3 Rb3+ 35. Kc2 R1b2+
36. Kc1 Rb1+ 37. Kc2 R1b2+ 38. Kc1 Rb1+ 1/2-1/2

[Event "World Junior Championships (Girls)"]
[Site "Chennai IND"]
[Date "2011.08.09"]
[EventDate "2011.08.02"]
[Round "7"]
[Result "1/2-1/2"]
[White "Hulkar Tohirjonova"]
[Black "Kubra Ozturk"]
[WhiteElo "2119"]
[BlackElo "2258"]
[PlyCount "121"]

1. e4 e5 2. Nf3 Nc6 3. d4 exd4 4. c3 Nf6 5. e5 Nd5 6. cxd4
Bb4+ 7. Bd2 Bxd2+ 8. Qxd2 d6 9. Bb5 O-O 10. Nc3 Be6 11. O-O
Nxc3 12. Qxc3 Bd5 13. Rad1 Ne7 14. Rfe1 c6 15. Bc4 Qd7
16. Bxd5 Nxd5 17. Qd3 h6 18. Nd2 Rad8 19. Ne4 dxe5 20. dxe5
Qg4 21. Qg3 Qxg3 22. Nxg3 Nb4 23. Kf1 Nd3 24. Re3 Nxb2
25. Rxd8 Rxd8 26. Rb3 Nc4 27. Rxb7 Rd1+ 28. Ke2 Rd2+ 29. Ke1
Rxa2 30. e6 fxe6 31. Re7 Ne5 32. Ne4 Nd3+ 33. Kf1 a5 34. g3 e5
35. Rc7 c5 36. Rd7 c4 37. Rc7 Ra1+ 38. Ke2 Re1+ 39. Kf3 Rc1
40. Kg4 a4 41. Kf5 Rb1 42. Rxc4 a3 43. Ra4 Nxf2 44. Rxa3 Nxe4
45. Kxe4 Re1+ 46. Kf5 Kh7 47. Ra7 e4 48. Re7 e3 49. Kf4 Rf1+
50. Kg4 Rf2 51. Kh3 Re2 52. g4 Re1 53. Kg2 Kg6 54. h4 Kf6
55. Re4 e2 56. Re3 g6 57. Re4 h5 58. gxh5 Kf5 59. Kf3 gxh5
60. Rxe2 Rxe2 61. Kxe2 1/2-1/2

[Event "World Junior Championships (Girls)"]
[Site "Chennai IND"]
[Date "2011.08.09"]
[EventDate "2011.08.02"]
[Round "7"]
[Result "1-0"]
[White "Kubra Ozturk"]
[Black "Abigail Romero Echeverria"]
[WhiteElo "2258"]
[BlackElo "2071"]
[PlyCount "77"]

1. d4 Nf6 2. c4 g6 3. Nc3 d5 4. Nf3 Bg7 5. e3 O-O 6. b4 b6
7. Bb2 c5 8. bxc5 bxc5 9. Rc1 cxd4 10. Nxd4 Bb7 11. Qb3 Qd7
12. cxd5 Nxd5 13. Na4 Nb6 14. Nc5 Qd5 15. Nxb7 Qxb7 16. Be2 e5
17. Nf3 N8d7 18. O-O Rac8 19. Ba3 Rxc1 20. Rxc1 Rc8 21. Bc4
Nf6 22. Nxe5 Nfd5 23. Bxd5 Rxc1+ 24. Bxc1 Qxd5 25. Qxd5 Nxd5
26. Nc6 a6 27. Bd2 f5 28. Kf1 Nc3 29. Bxc3 Bxc3 30. Ke2 Kf7
31. Kd3 Be1 32. f3 Ke6 33. Kc4 Kd6 34. Nb4 a5 35. Nd3 Bh4
36. a4 Bf6 37. e4 fxe4 38. fxe4 g5 39. e5+ 1-0

[Event "World Junior Championships (Girls)"]
[Site "Chennai IND"]
[Date "2011.08.11"]
[EventDate "2011.08.02"]
[Round "9"]
[Result "0-1"]
[White "Narmin Kazimova"]
[Black "Kubra Ozturk"]
[WhiteElo "2292"]
[BlackElo "2258"]
[PlyCount "44"]

1. c4 e5 2. Nc3 Nf6 3. Nf3 Nc6 4. a3 g6 5. g3 Bg7 6. Bg2 O-O
7. O-O d5 8. cxd5 Nxd5 9. Qc2 Nb6 10. d3 Bg4 11. b4 a5
12. bxa5 Rxa5 13. Rb1 Rc5 14. Bd2 Bxf3 15. Bxf3 e4 16. dxe4
Nd4 17. Qb2 Nxf3+ 18. exf3 Qd3 19. Rbc1 Nc4 20. Qb4 Nxd2
21. Qxc5 Nxf1 22. Nb1 Nd2 0-1

[Event "World Junior Championships (Girls)"]
[Site "Chennai IND"]
[Date "2011.08.12"]
[EventDate "2011.08.02"]
[Round "10"]
[Result "1/2-1/2"]
[White "Kubra Ozturk"]
[Black "Deysi Estela Cori Tello"]
[WhiteElo "2258"]
[BlackElo "2376"]
[PlyCount "150"]

1. d4 e6 2. c4 b6 3. e4 Bb7 4. Bd3 Bb4+ 5. Bd2 Bxd2+ 6. Qxd2
f5 7. d5 fxe4 8. Bxe4 Nf6 9. Bf3 exd5 10. cxd5 O-O 11. Ne2 Qe8
12. Nbc3 Na6 13. O-O Nc5 14. Rfe1 Qg6 15. Ng3 Nd3 16. Re3 Nb4
17. Rd1 Na6 18. Re5 Kh8 19. h4 Rae8 20. Rg5 Qf7 21. h5 h6
22. Rg6 Re5 23. Re1 Qe8 24. Rxe5 Qxe5 25. Qe3 Re8 26. Nf5 Qxf5
27. Rxf6 Rxe3 28. Rxf5 Re1+ 29. Kh2 Kg8 30. Ne2 d6 31. Nd4 Nc5
32. b4 Bc8 33. bxc5 Bxf5 34. cxb6 axb6 35. Nxf5 Ra1 36. Nd4
Rxa2 37. Kg3 Ra4 38. Nb5 Rc4 39. Be2 Rc5 40. Kf4 Kf7 41. Ke4
Kf6 42. Nd4 Rc1 43. f4 Re1 44. Kd3 Rb1 45. g4 Rc1 46. Ke4 Re1
47. g5+ hxg5 48. fxg5+ Kf7 49. Kf5 Kf8 50. Ne6+ Kg8 51. Nf4
Kf7 52. g6+ Ke7 53. Bd3 Re5+ 54. Kg4 Kf6 55. Kf3 Re8 56. Bb5
Re5 57. Bd3 Re8 58. Bb5 Re5 59. Bd3 Re8 60. Kg4 Re5 61. Ne6
Rxd5 62. h6 gxh6 63. g7 Kf7 64. Bh7 Rg5+ 65. Nxg5+ Kxg7
66. Ne6+ Kxh7 67. Nxc7 Kg6 68. Nb5 d5 69. Nc3 h5+ 70. Kf3 Kf5
71. Nxd5 b5 72. Kg3 Ke5 73. Nb4 Kd4 74. Kh4 Kc5 75. Na6+ Kb6
1/2-1/2